| 000 | 00644nam a2200193 a 4500 | ||
|---|---|---|---|
| 001 | 000040920 | ||
| 005 | 20201002034458.0 | ||
| 008 | 130911s2005 pr 000 0 spa d | ||
| 020 | _a0865816042 | ||
| 040 |
_aDO-SdBNP _bspa _cBNPHU |
||
| 100 | 1 |
_aSuárez Díaz, Ada _93626 |
|
| 245 | 1 | 3 |
_aEl Doctor Ramón Emeterio Betances y la abolición de la esclavitud / _cAda Suárez Díaz. |
| 250 | _a3a ed. | ||
| 260 |
_aSan Juan, Puerto Rico : _bInstituto de Cultura Puertorriqueña, _c2005. |
||
| 300 |
_a149 p. ; _c21 cm. |
||
| 490 | 1 | _aHistoria y Sociedad | |
| 500 | _aIncluye notas al pie de las páginas | ||
| 830 | 0 |
_aHistoria y Sociedad _913749 |
|
| 999 |
_c40410 _d40410 |
||